书目信息 |
| 题名: |
加强相互学习,克服固步自封、骄傲自满
|
|
| 作者: | 毛泽东 著 | |
| 分册: | ||
| 出版信息: | 北京 人民出版社 1977 |
|
| 页数: | 4页 | |
| 开本: | 19cm | |
| 丛书名: | ||
| 单 册: | ||
| 中图分类: | A426 | |
| 科图分类: | ||
| 主题词: | 毛泽东著作--单行本--1949~1976年 | |
| 电子资源: | ||
| ISBN: | ||
| 000 | 00752nam0 2200229 45 | |
| 001 | 0177003425 | |
| 005 | 20071003161218.51 | |
| 010 | @dCNY0.03 | |
| 100 | @a19951013d1977 em y0chiy0121 ea | |
| 101 | 0 | @achi |
| 102 | @aCN@b110000 | |
| 105 | @ay z 000yy | |
| 200 | 10 | @a加强相互学习,克服固步自封、骄傲自满@Ajia qiang xiang hu xue xi , ke fu gu bu zi feng 、 jiao ao zi man@f毛泽东著 |
| 210 | @a北京@c人民出版社@d1977 | |
| 215 | @a4页@d19cm | |
| 517 | 0 | @a加强相互学习克服固步自封骄傲自满@Ajia qiang xiang hu xue xi ke fu gu bu zi feng jiao ao zi man |
| 606 | @a毛泽东著作@x单行本@z1949~1976年 | |
| 690 | @aA426@v3 | |
| 701 | 0 | @a毛泽东@Amao ze dong@4著 |
| 801 | 0 | @aCN@bTSSF@c20071003 |
| 801 | 2 | @aCN@bNLC@c20060928 |
| 905 | @a10447@dA426@e31 | |
| 加强相互学习,克服固步自封、骄傲自满/毛泽东著.-北京:人民出版社,1977 |
| 4页;19cm |
| ISBN :CNY0.03 |
| ● |
| 相关链接 |
|
|
|
|
正题名:加强相互学习,克服固步自封、骄傲自满
索取号:A426/31
 
预约/预借
| 序号 | 登录号 | 条形码 | 馆藏地/架位号 | 状态 | 备注 |
| 1 | 0422461 | 204224614 | 密集书库/ [索取号:A426/31] | 在馆 | |
| 2 | 0422720 | 204227201 | 密集书库/ [索取号:A426/31] | 在馆 | |
| 3 | 0441319 | 204413198 | 密集书库/ [索取号:A426/31] | 在馆 | |
| 4 | 0474967 | 204749674 | 密集书库/ [索取号:A426/31] | 在馆 | |
| 5 | 0626343 | 206263434 | 密集书库/ [索取号:A426/31] | 在馆 |